000 00942nam2a2200265 4500
001 RU\NLR\bibl\1076132
005 20250615044855.0
010 _a5-696-03519-1
_9100
021 _aRU
_b2007-14882
_9796
035 _a(NLR Aleph) 001063331
090 _a952536
_c952536
100 _a20070420d2004 |||y0rusy50 ca
101 0 _arus
102 _aRU
105 _aa |||||||||
200 0 _aЧ. 2
210 _d2004
_aБ. м.
215 _a99, [1] с.
_cил.
320 _aБиблиогр.: с. 99 (5 назв.)
461 0 _1001RU\NLR\bibl\1082889
_12001#$aТеория машин и механизмов$vЧ. 2
_9993000
_aЛопатин, Д. Б.
_cЧелябинск
_d2004
_fД.Б. Лопатин, И.М. Зизин
_nИзд-во ЮУрГУ
_oкурс лекций
_tТеория машин и механизмов
_vЧ. 2
801 0 _aRU
_bNLR
_c20070420
_gRCR
801 1 _aRU
_bNLR
_c20070420
942 _cBOOK
980 _aNB